| 000 | 00511nam#a2200205#c#4500 | ||
|---|---|---|---|
| 003 | IEF | ||
| 005 | 20180219162132.0 | ||
| 008 | 941031s1969 uuu####fr####| 0||u| |u | ||
| 040 | _aIEF | ||
| 100 | 1 |
_aVelarde Fuertes, Juan _944970 |
|
| 245 | _aSobre la decadencia economica de España | ||
| 250 | _a2ª ed. ampl. | ||
| 260 |
_aMadrid _b Tecnos _c1969 |
||
| 300 |
_a702 p. _c 23 cm. |
||
| 650 | 4 |
_aESPAÑA _941092 |
|
| 650 | 4 |
_aSITUACION ECONOMICA _948445 |
|
| 942 | _cLIB | ||
| 942 | _z6325 | ||
| 999 |
_c70616 _d70616 |
||